Tous les pays commençant par E. - Statistiques

Statistiques générales
  • Ce quiz a été pris 253 fois
  • Le résultat moyen est 6 sur 9
Statistiques - réponses
Réponse % Correct
Espagne
90%
Estonie
88%
Equateur
84%
Erythrée
75%
Ethiopie
71%
Etats-Unis
64%
Emirats arabes unis
53%
Egypte
52%
Etas fédérés de Micronésie
20%
Aucun quiz correspondant
Distribution des résultats
% des personnes avec chaque résultat
Percentile par nombre de réponses
Votre historique - résultats
Vous n’avez pas pris ce quiz